00558nam a2200205 a 4500001001300000003000900013005001700022008004100039020000900080082001600089100002100105245004400126260004700170300000900217500003500226505002400261650002300285650002300308700002100331nice12345678IN_TiNIC20260116012741.0050524s1985 isla grp 000 0 eng  ac6000a181.07bATI aAtiyeh, George N aAl-Kindib the Philosopher of the Arabs aIslambadbIslamic Research Institutec1985 a272p aincludes index and biblioraphy2 aBibliography, Index aPhilosophy-Islamic aAl-Kindi-Biography1 aAtiyeh, George N